Statistics for Books by Letter H

Click here to take the quiz!

General Stats

  • This quiz has been taken 36 times
  • The average score is 8 of 15

Answer Stats

HintBooks% Correct
The novels chronicle the lives of a young wizard and his friends Hermione Granger and Ron Weasley, all of whom are students at Hogwarts School of Witchcraft and Wizardry.Harry Potter
97%
Set in Denmark, the play depicts Prince Hamlet and his revenge against his uncle, Claudius, who has murdered Hamlet's father in order to seize his throne and marry Hamlet's mother.Hamlet
94%
A fictional guide book for hitchhikers written in the form of an encyclopedia.The Hitchhiker's Guide to the Galaxy
91%
Set within Tolkien's fictional universe and follows the quest of home-loving Bilbo Baggins, the titular hobbit, to win a share of the treasure guarded by Smaug the dragon.The Hobbit
91%
Follows disfigured Quasimodo, the bell-ringer of Notre Dame Cathedral, who bides his time locked away in a tower.The Hunchback of Notre-Dame
88%
A dystopia set in Panem, a North American country consisting of the wealthy Capitol and 12 districts in varying states of poverty.The Hunger Games
85%
The book centers on an unlucky teenage boy named Stanley Yelnats, who is sent to Camp Green Lake, a juvenile corrections facility in a desert in Texas, after being falsely accused of theft.Holes
52%
An attempted murder inspired by the legend of a fearsome, diabolical hound of supernatural origin.The Hound of the Baskervilles
48%
Explores themes of subjugated women in a patriarchal society and the various means by which these women resist and attempt to gain individuality and independence.The Handmaid's Tale
45%
Rob Fleming is a London record shop owner in his mid-thirties whose girlfriend, Laura, has just left him.High Fidelity
27%
Charles Marlow, the narrator, tells his story to friends aboard a boat anchored on the River Thames.Heart of Darkness
24%
Twin sisters from a wealthy Nigerian family take wildly different paths in life, but both become swept up in the struggle to establish Biafra as an independent republic.Half of a Yellow Sun
18%
Thomas Gradgrind, a wealthy, retired merchant in the industrial city of Coketown, England, devotes his life to a philosophy of rationalism, self-interest, and fact.Hard Times
18%
It was written by Thucydides, an Athenian historian who also served as an Athenian general during the war.History of the Peloponnesian War
3%
One of the earliest accounts of the rise of the Persian Empire, as well as the events and causes of the Greco-Persian Wars.The Histories
3%

Score Distribution

Percentile by Number Answered

Percent of People with Each Score

Your Score History

You have not taken this quiz